01416nam a22003617a 4500003000500000005001700005008004100022010001000063011001000073035001000083040000900093090001000102100003900112245008700151260004000238300002000278500002400298502008000322590003700402590004100439590004100480590004100521590004200562650003500604650004100639901000700680942000900687949003500696949004700731999001700778952013200795952012700927CHAP20220329134040.0971013s1968 r 00010 d a14649 a15621 a19697 cCHAP aTesis00aHernández Rosano, Camilo.954568 aPlaneación del riego en el ejido de San Bernardino, Texcoco, Estado de México. aChapingo, Méx. :bEl Autor,c1968 a107 p.b: ilus. arep. (D) Ing. Leos) aTesis (Ing. Agrónomo Esp. en Irrigación) -- ENA. Depto. de Irrigación aALEPHb10c20130110lUCH01h1236 aBATCH-UPDb10c20130110lUCH01h1155 aBATCH-UPDb10c20130410lUCH01h0738 aBATCH-UPDb10c20130914lUCH01h1253 aCONVERSIONb10c20130109lUCH01h130914aEjidosxMéxico (Edo.)93602014aIrrigaciónxMéxico (Edo.)960434 aBK cFOLL bBCcTESd-45950eTS1i19697si bBCcTESd-45952eTS2fc.2h17429i19697si c14649d14649 00102local4053708TESISaBCbBCcPA_TESISd2012-12-17fTESISl0oTesisp-45952r2019-12-31 00:00:00tc.2w2019-12-31yTESIS 00102local4051718TESISaBCbBCcPA_TESISd2019-12-31fTESISl0oTesisp-45950r2019-12-31 00:00:00w2019-12-31yTESIS